000
00268 a2200109 4500
001
62593
082
_a
823 ARC
090
_c
37198
_d
37198
100
_a
Archer, J
245
_a
A Twist in the Tale (Twelve short stories)
_h
English
260
_b
Harper Collins Publication
942
_a
CAE NUST
_k
823 ARE
999
_c
297666
_d
297666